| 000 | 00439cam a22001337a 4500 | ||
|---|---|---|---|
| 008 | 180718b1977 xxu||||| |||| 00| 0 eng d | ||
| 082 | _aT4203x54 In2re | ||
| 100 | _aBanking Laws Committee | ||
| 245 |
_aReport on Real Property Security Law _cby Banking Laws Committee, India |
||
| 260 |
_aNew Delhi _bThe Controller of Publications _c1977 |
||
| 300 | _a356+p. | ||
| 500 | _aChairman: P.V. Rajamannar | ||
| 700 | _aRajamannar, P.V. (Chairman) | ||
| 999 |
_c489877 _d489877 |
||